000 00407nam a2200145Ia 4500
003 GCL
008 140319s9999 xx 000 0 ara d
040 _aGCL /
_cGCL
082 0 4 _a270
_bف د
100 1 _aفهيم عزيز
245 1 0 _aدراسة فى الوصايا العشر /
_cفهيم عزيز
260 _a[S.N] :
_bدار الثقافة المسيحية ،
_c1983
300 _a92 ص
490 _a
999 _c30459
_d30459